PRESERVING MODERN LANDSCAPE ARCHITECTUREII,MAKING POSTWAR LANDSCAPES VISIBLE (Record no. 858336)

MARC details
000 -LEADER
fixed length control field 00374nam a2200133Ia 4500
008 - FIXED-LENGTH DATA ELEMENTS--GENERAL INFORMATION
fixed length control field 230822s2004 xx 000 0 und d
020 ## - INTERNATIONAL STANDARD BOOK NUMBER
International Standard Book Number 0-9749632-0-8
041 ## - LANGUAGE CODE
Language code of text/sound track or separate title eng
082 ## - DEWEY DECIMAL CLASSIFICATION NUMBER
Classification number 728
100 ## - MAIN ENTRY--PERSONAL NAME
Personal name BIRNBAUM .C.A.
245 ## - TITLE STATEMENT
Title PRESERVING MODERN LANDSCAPE ARCHITECTUREII,MAKING POSTWAR LANDSCAPES VISIBLE
260 ## - PUBLICATION, DISTRIBUTION, ETC.
Name of publisher, distributor, etc. SPACEMAKER PRESS,WASHINGTON
Date of publication, distribution, etc. 2004
300 ## - PHYSICAL DESCRIPTION
Extent 128

No items available.